000 00581nam a2200229 a 4500
001 13478
003 BD-JhCC
005 20231014100452.0
008 231014b19992019cc a|||| ||a| 000 0 eng d
020 _a9780241424971
035 _a(BD-JhCC)13478
040 _aBD-JhCC
_dBD-JhCC
041 _aenglish
082 _a398.2
_bNEI 2019
100 _a Philip, Neil
245 _a Mythology /
_c Neil Philip,
260 _aChina:
_bDK;
_c2019.
300 _a72 p. :
_bill;
_c26 cm.
650 _aMythology
_vReligions
_xGods
_zMythology, Classical
942 _2ddc
_cBK
999 _c13478
_d13478